000 00695nam a2200229Ia 4500
003 OSt
005 20220923230338.0
006 a|||||r|||| 00| 0
007 ta
008 220922b |||||||| |||| 00| 0 pan d
024 _a279,668
037 _cTextual
040 _aARTS
_cARTS
_bpan
041 _2pan
_apan
082 _aO153,1N40:g, P6.2
100 _aਕੇਸਰ, ਜਸਬੀਰ, ਥਦ.
245 0 _aਡਾ ਕੇਸਰ ਸਿੰਘ ਕੇਸਰ
_b ਕਾਵਿ ਚਿੰਤਨ
260 _c2006
650 _aਪੰਜਾਬੀ ਸਾਹਿਤ
942 _hO153,1N40:g, P6.2
_cTEXL
_2CC
999 _c384138
_d384138